banner-ar

ما الذى يحدث فى هاملت / (Record no. 45838)

MARC details
000 -الفاتح
حقل البيانات ثابتة الطول 00522nam a2200181Ia 4500
008 - عناصر البيانات ثابتة الطول - معلومات عامة
حقل البيانات ثابتة الطول 140319s9999 xx 000 0 ara d
040 ## - مصدر الفهرسة
وكالة الفهرسة الأصلية GCL /
وكالة النسخ GCL
082 04 - رقم تصنيف ديوى العشرى
رقم التصنيف 822
رقم المادة و م
100 1# - المدخل الرئيسى - إسم شخصى
الإسم الشخصى ولسون ، جون
245 10 - بيان العنوان
العنوان ما الذى يحدث فى هاملت /
بيان المسئوليه,etc ولسون ، جون
700 1# - المدخل الاضافى - اسم شخصى
الإسم الشخصى جبرا ابراهيم جبرا (مترجم)
300 ## - الوصف المادى
التعداد 180
490 ## - بيان السلسلة
عنوان السلسلة 100 قصة
رقم المجلد/ التعيين التسلسلي 0
650 04 - المدخل الاضافى بالموضوع-مصطلح موضوعى
مصطلح موضوعي المسرح الانجليزى المترجم
650 04 - المدخل الاضافى بالموضوع-مصطلح موضوعى
مصطلح موضوعي هاملت
942 ## - عناصر المدخل الإضافي( كوها)
مصدر التصنيف او مخطط الترفيف Dewey Decimal Classification
Koha [default] item type كتاب
Holdings
حالة التراجع حالة الفقد حالة تلف ليس للاعارة المكان المؤقت الموقع الحالى تاريخ الاكتساب اجمالي اﻻعارات رقم الطلب الباركود تاريخ اخر مشاهدة تاريخ تفعيل السعر نوع وعاء كوها
        مكتبة القاهرة الكبرى مكتبة القاهرة الكبرى 03/26/2014   822\و م 111712 03/26/2014 03/26/2014 كتاب

Powered By

EGPV